Marvel Characters Ending in 'Man' by Picture - Statistics

General Stats
  • This quiz has been taken 41 times
  • The average score is 25 of 55
Answer Stats
Picture Answer % Correct
Ant-Man
100%
Iron Man
100%
Spider-Man
100%
Spider-Man (Miles Morales)
100%
Iceman
98%
Sandman
90%
Frog-Man
83%
Frog-Man (Francois Le Blanc)
83%
Absorbing Man
73%
Power Man
73%
Hydro-Man
71%
Mole Man
71%
Multiple Man
68%
Gorilla-Man
66%
Gorilla-Man (Arthur Nagan)
66%
Power Man (Victor Alvarez)
63%
Giant-Man (Raz Malhotra)
61%
Purple Man
61%
Wonder Man
61%
Flat Man
59%
Swordsman
59%
Radioactive Man
54%
Dragon Man
51%
Impossible Man
51%
Molten Man
49%
X-Man
46%
Molecule Man
44%
Titanium Man
41%
Cat-Man
39%
Psycho-Man
39%
3-D Man
34%
Ape-Man
32%
Big Man
32%
Big Man (Hank Pym, Jr.)
32%
Doorman
32%
Machine Man
32%
Stilt-Man
29%
Bird-Man
27%
Bushman
27%
Demolition-Man
27%
Master Man
20%
Plantman
20%
Madman
17%
U-Man
17%
Comet Man
15%
Lady Stilt-Man
15%
Videoman
15%
Collective Man
12%
Growing Man
12%
Midnight Man
12%
Cobalt Man
10%
Nuclear Man
10%
Boogey-Man
7%
Rockman
7%
Thin Man
5%
No matching quizzes found
Score Distribution
Percent of People with Each Score
Percentile by Number Answered
Your Score History
You have not taken this quiz